| 000 | 01308cam a2200385 i 4500 | ||
|---|---|---|---|
| 001 | 17327936 | ||
| 003 | OSt | ||
| 005 | 20241030100537.0 | ||
| 008 | 120601t20142014iaua 001 0 eng | ||
| 010 | _a 2012018233 | ||
| 020 | _a9780073402758 (hard copy : alk. paper) | ||
| 020 | _a0073402753 (hard copy : alk. paper) | ||
| 040 |
_aDLC _beng _cDLC _erda _dDLC |
||
| 042 | _apcc | ||
| 050 | 0 | 0 |
_aQD33.2 _b.C48 2014 |
| 080 |
_a54 _bC-45 |
||
| 082 | 0 | 0 |
_a540 _223 |
| 100 | 1 | _aChang, Raymond. | |
| 245 | 1 | 0 |
_aGeneral chemistry : _bthe essential concepts / _cRaymond Chang, Williams College, Kenneth A. Goldsby, Florida State University. |
| 250 | _aSeventh Edition. | ||
| 260 |
_aNew York : _bMcGraw-Hill, _c[2014] |
||
| 264 | 4 | _c©2014 | |
| 300 |
_a1 volume (various pagings) : 814 p. index 10 p. _bcolor illustrations ; _c26 cm |
||
| 336 |
_atext _2rdacontent |
||
| 337 |
_aunmediated _2rdamedia |
||
| 338 |
_avolume _2rdacarrier |
||
| 365 | _b39.84 usd | ||
| 500 | _aIncludes index. | ||
| 650 | 0 |
_aChemistry _vTextbooks. |
|
| 653 | _aქიმია | ||
| 700 | 1 | _aGoldsby, Kenneth A. | |
| 906 |
_a7 _bcbc _corignew _d1 _eecip _f20 _gy-gencatlg |
||
| 942 |
_2udc _cBK _e7 |
||
| 999 |
_c43 _d43 |
||